000
00297nam a22001217a 4500
008
180117b xxu||||| |||| 00| 0 eng d
041
_a
eng
080
_a
91
100
_a
42
101
_a
GJE
245
_a
WORLD POPULATION AND PRODUCTION TRENDS AND OUTLOOK
_c
WOYTINSKY,W.S
942
_2
udc
_c
BK
999
_c
40420
_d
40420